000 00416nam a22001817a 4500
003 UA-OsUOA
001 129751
007 ta
008 20180320b un ||||| |||| 00| 0 ukr d
100 _aAllen James
942 _cEB
040 _aUA-OsUOA
_beng
_cUA-OsUOA
_dUA-OsUOA
245 _aAs a Man Thinketh
955 _a2
041 _aeng
856 4 0 _uhttp://digilibraries.com/ebook/as-a-man-thinketh
650 7 _2UDC
999 _c417627
_d417627